| 000 | 00853cam a2200193 a 4500 | ||
|---|---|---|---|
| 005 | 20160206105341.0 | ||
| 008 | 001031s1996 ck rl f00010 spa d | ||
| 040 |
_ala _cla _dCO-BoIAVH |
||
| 041 | 0 | _aspa | |
| 044 | _ack | ||
| 082 | 0 | 4 |
_a333.7 _bC65l |
| 110 | 1 | _aColombia. | |
| 245 | 1 | 0 |
_aLey 99 de 1993 (diciembre 22) _bpor la cual se crea el Ministerio del Medio Ambiente, se reordena el sector público encargado de la gestión y conservación del medio ambiente y los recursos naturales renovables, se organiza el Sistema Nacional Ambiental - SINA - y se dictan otras disposiciones |
| 260 |
_aBogotá : _bEl Ministerio, _c1996. |
||
| 300 |
_a90 páginas ; _c20 x 14 cm. |
||
| 610 | 1 |
_aColombia. _bMinisterio del Medio Ambiente _x Organización. |
|
| 650 | 6 |
_aMedio ambiente _z Colombia _x Legislación. |
|
| 942 |
_2ddc _cLIBRO |
||
| 999 |
_c3149 _d3149 |
||